000 00774cam a2200253 a 4500
999 _c6738
_d6738
001 394
003 BD-DhUAP
005 20210106145002.0
008 200301s1996 ii abf b f000 0 eng
020 _a0195630483
040 _aBD-DhUAP
_cBD-DhUAP
_dBD-DhUAP
_bEng
082 _a428.24 DUF
_223
100 _aDuff, Alan McConnell.
245 _aTiger's eye /
_cAlan McConnell Duff.
250 _aFirst South Asian edition.
260 _aNew Delhi :
_bOxford university press,
_cc1992 [1996].
300 _a199 pages ;
_c24 cm.
490 _aBBC English courses.
500 _aIncludes index.
650 _aEnglish language.
_vStudy and teaching.
710 _aBritish Broadcasting Corporation.
942 _2ddc
_cBK